000 01682cam a2200181 4500500
005 20251228095025.0
041 _afre
042 _adc
100 1 0 _aLévi, Florence
_eauthor
245 0 0 _aMessianisme et prophétie chez le jésuite António Vieira et le rabbin Menasseh ben Israël
260 _c2016.
500 _a9
520 _aLe messianisme de Vieira, jésuite, et celui de Menasseh ben Israël, rabbin, tous deux d’origine portugaise, puisent aux mêmes sources – en particulier au rêve que fait Nabuchodonosor de la statue et qu’interprète Daniel, ce qui conduit Vieira à sa prophétie du Quint Empire et Menasseh à celle de la venue du Messie (que représente la pierre se détachant de la montagne).
520 _aThe messianism of Jesuit António Vieira and of Rabbi Menasseh ben Israël, who were both Portuguese, finds its origins in the same sources – in particular Nebuchadnezzar’s dream of the statue interpreted by Daniel. This would lead Vieria to prophecise about the Fifth Empire, and Menasseh about the coming of the Messiah (symbolised by the stone breaking off from the mountain).
520 _aO messianismo de Vieira, o padre jesuíta, e o de Menasseh ben Israël, um rabino, ambos de origem portuguesa, têm origem numa mesma fonte bíblica: o sonho de Nabucodonosor sobre a estátua interpretado pelo profeta Daniel; sonho que conduz Vieira à sua profecia sobre o Quinto Império e Menasseh à da vinda do Messias simbolizada pela rocha que se separa da montanha.
786 0 _nSigila | 37 | 1 | 2016-03-01 | p. 31-48 | 1286-1715
856 4 1 _uhttps://shs.cairn.info/revue-sigila-2016-1-page-31?lang=fr&redirect-ssocas=7080
999 _c1605345
_d1605345